000 01202nam a22002777a 4500
003 BD-DhSAU
005 20190101105736.0
008 160718b201 bg ||||| |||| 001 0 eng d
040 _aBD-DhSAU
082 _222
_a581.15
_bM9391
100 _aMozahid -ul - Islam, Md.
_eRegi. no. 10-03807
245 _aMarker assisted selection for cold tolerance at seedling stage in Rice (Oryza sativa L.) /
_c Md. Mozahid -ul - Islam
_bMs Thesis
260 _aSher-e-Bangla Agricultural University :
_bDepartment of Genetics and Plant Breeding,
_c2015.
300 _axi, 138 p. :
_bill. ;
_c30 cm.
500 _aMS thesis of Department of Genetics and Plant Breeding, Faculty of Agriculture, Sher-e-Bangla Agricultural University, Dhaka, Bangladesh
504 _aIncludes bibliographical references.
590 _aKamim
650 _aGenetics and Plant Breeding
650 _aMarker assisted selection
650 _acold tolerance at seedling stage
650 _a Rice (Oryza sativa L.
700 _aHossain, Md. Sarowar
_eSuperviser
700 _aBiswas, Partha S.
_eCo-superviser
856 _uhttp://archive.saulibrary.edu.bd:8080/xmlui/handle/123456789/1101
_yOnline Access
942 _2ddc
_cTHESIS
999 _c13886
_d13885